|
|
|
|
| LEADER |
00789nab a2200193 i 4500 |
| 001 |
misc27918 |
| 005 |
20191111110255.0 |
| 008 |
170919s1988 hu o 0|| zxx d |
| 040 |
|
|
|a SZTE Miscellanea Repozitórium
|b hun
|
| 041 |
|
|
|a zxx
|
| 100 |
1 |
|
|a Fülöp Ferenc
|
| 245 |
1 |
0 |
|a Synthesis of stereoisomeric 2-phenylimino-3,1-perhydro-benzoxazines and 3,1-perhydrobenzothiazines
|h [elektronikus dokumentum] /
|c Fülöp Ferenc
|
| 260 |
|
|
|c 1988
|
| 300 |
|
|
|a 73-82
|
| 490 |
0 |
|
|a Kolligátum
|
| 695 |
|
|
|a Heterociklusos vegyületek - szintézis, Szerves kémia - reakciómechanizmus, Sztereokémia, Mágneses magrezonancia - színképelemzés
|
| 700 |
0 |
1 |
|a Bernáth Gábor
|e aut
|
| 700 |
0 |
1 |
|a Csirinyi György
|e aut
|
| 856 |
4 |
0 |
|u http://misc.bibl.u-szeged.hu/27918/1/018_019_095-104.pdf
|z Dokumentum-elérés
|